000 00635nam a2200229 a 4500
001 12963
003 BD-JhCC
005 20230606195615.0
008 230606s2007 su a|||| |||| 000 0 b d
020 _a9960993027
035 _a(BD-JhCC)12963
040 _aBD-JhCC
_dBD-JhCC
041 _aeng
082 _a297.03
_bBEN 2007
100 _aBen Razzouq, Al-Arabee
245 _aA concise children's encyclopedia of islam /
_cAl-Arabee Ben Razzouq,
260 _aRiiyadh :
_bDarussalam,
_c2007
300 _a275 p. :
_bcolor page;
_c28 cm.
504 _aIncludes bibliography
650 _aIslam
_xEncyclopedia
942 _2ddc
_cREF
999 _c12963
_d12963